000 00500nam a2200217Ia 4500
003 OSt
005 20220924144743.0
006 a|||||r|||| 00| 0
007 ta
008 220923b |||||||| |||| 00| 0 urd d
024 _a320596
037 _cTextual
040 _aARTS
_cARTS
_burd
041 _2urd
_aurd
082 _aQ:31, 168E1
245 0 _aKhayalatul sanai
260 _c1911
650 _aRELIGION
942 _hQ:31, 168E1
_cTEXL
_2CC
999 _c458173
_d458173